Houses architects design for themselves (Record no. 10624)
[ view plain ]
| 000 -LEADER | |
|---|---|
| fixed length control field | 00326nam a2200133 4500 |
| 003 - CONTROL NUMBER IDENTIFIER | |
| control field | OSt |
| 005 - DATE AND TIME OF LATEST TRANSACTION | |
| control field | 20220429163855.0 |
| 008 - FIXED-LENGTH DATA ELEMENTS--GENERAL INFORMATION | |
| fixed length control field | 220429b ||||| |||| 00| 0 eng d |
| 082 ## - DEWEY DECIMAL CLASSIFICATION NUMBER | |
| Classification number | 728.0973 |
| 100 ## - MAIN ENTRY--PERSONAL NAME | |
| Personal name | Wagner, Walter F. |
| 245 ## - TITLE STATEMENT | |
| Title | Houses architects design for themselves |
| 260 ## - PUBLICATION, DISTRIBUTION, ETC. (IMPRINT) | |
| Name of publisher, distributor, etc | Architectural Record |
| 942 ## - ADDED ENTRY ELEMENTS (KOHA) | |
| Source of classification or shelving scheme | |
| Withdrawn status | Lost status | Source of classification or shelving scheme | Damaged status | Koha normalized classification for sorting | Not for loan | Permanent location | Current location | Date acquired | Full call number | Barcode | Date last seen | Price effective from | Non-public note | Koha item type | Public note |
|---|---|---|---|---|---|---|---|---|---|---|---|---|---|---|---|
| 728_097300000000000 | BMS College of Architecture, Design and Planning | BMS College of Architecture, Design and Planning | 2022-04-29 | 728.0973 | AR-DB311 | 2022-04-29 | 2022-04-29 | Donated by Raja Subramanyam, Architect and Engineer , VV Puram, Benagaluru | Donated Book | Donated by Raja Subramanyam, Architect and Engineer , VV Puram, Bengaluru |